000 00524nam a2200133 a 4500
001 000046279
005 20201002052746.0
008 150715s2004 dr 000 0 spa d
040 _aDO-SdBNP
_bspa
_cBNPHU
245 0 0 _aPrimer módulo de curriculum sobre educación sexual.
260 _aSanto Domingo :
_bCentro de Adolescentes,
_c[190?].
300 _a11 p. : ;
_c20 cm.
500 _aElaborado por un equipo interdiciplinario formado por profesores, orientadores y estudiantes de los liceos sencudarios del sector de Los Mina
999 _c45768
_d45768